01451nam a2200253 a 450000100100000000500170001000800410002702000250006802000240009302000240011704000250014110000340016624501370020026001150033749000360045250000430048850000510053150502700058271000730085283000430092595201060096895201060107499900170118000003973720201002033715.0130718s1985 sp 000 0 spa d a84-00-05986-7 (o.c.) a84-00-05984-0 (v.1) a84-00-05985-9 (v.2) aDO-SdBNPbspacBNPHU1 aRamos Gómez, Luis J.96593110aEpoca, genesis y texto de las "noticias secretas de America", de Jorge Juan y Antonio de Ulloa (1735-1745) /cLuis J. Ramos Gómez. aMadrid :bConsejo Superior de Investigaciones Científicas, Instituto "Gonzalo Fernández de Oviedo",c1985.1 aTierra nueva e cielo nuevovXVI aEdición crítica del texto original aMedio melienio del descubrimiento de América0 gv.1tEl viaje a América (1735-1745), de los tenientes de navio Jorge Juan y Antonio de Ulloa, y sus consecuencias literarias, estudios históricogv. 2.tEdición anotada del texto original de las Noticias secretas de América, de Jorge Juan y Antonio de Ulloa2 aConsejo Superior de Investigaciones Científicas, (España)963834 0aTierra nueva e cielo nuevovXVI915388 0010507-18MOaGRbGRcOId2013-07-18iLF1l0o p39737-10r2020-06-25w2020-06-25y1ZNo se presta 0010507-18MOaGRbGRcOId2013-07-18iLF1l0o p39737-20r2020-06-25w2020-06-25y1ZNo se presta c39227d39227